Koordinovaná tvorba a zpřístupňování informačních fondů Sborník prací

Salvato in:
Dettagli Bibliografici
Natura: Libro
Lingua:ceco
Pubblicazione: Praha Ústředí vědeckých, technických a ekonomických informací 1985
Edizione:1. vyd.
Serie:Problémy teorie a praxe Sv.12
Tags: Aggiungi Tag
Nessun Tag, puoi essere il primo ad aggiungerne!!

MARC

LEADER 00000nam a2200000 4500
001 c036755
005 20251111101116.7
041 0 |a cze 
044 |a CZ 
245 1 0 |a Koordinovaná tvorba a zpřístupňování informačních fondů  |b Sborník prací 
250 |a 1. vyd. 
264 1 |a Praha  |b Ústředí vědeckých, technických a ekonomických informací  |c 1985 
300 |a 161 s. 
490 1 |a Problémy teorie a praxe  |v Sv.12 
830 0 |a Problémy teorie a praxe  |v Sv.12